000
nam a22 7a 4500
999
_c
53508
_d
53508
003
OSt
005
20220723110352.0
008
220723b xxu||||| |||| 00| 0 eng d
040
_c
IIMT UNIVERSITY MEERUT
100
_a
LYNCH R M
245
_a
ACCOUNTING FOR MANAGEMENT
260
_b
TMH
300
_a
542
942
_2
ddc
_c
09